Zelená energia - výzva pre budúcnosť zborník príspevkov : Nitra, 9.6.2010

Bibliographic Details
Other Authors: Maga, Juraj, 1958- (Editor), Maga, František (Editor), Findura, Pavol, 1975- (Editor)
Format: Book
Language:Slovak
English
Hungarian
PhysicalDescription:132 s. grafy, fareb. fotogr., sch., tab. 21 cm
Published: Nitra Slovenská poľnohospodárska univerzita 2010
ISBN:9788055204802
Edition:1. vyd.
Subjects:

MARC

LEADER 00000cam a22000005a 4500
001 vtls010284976
003 SK-MaSNL
005 20260301131937.0
008 180809s2010 xo dol 100 0 slo
015 |a SNBA2011/09-05016 
020 |a 9788055204802  |q (brož.) 
035 |a 2CEF3B41-2370-4CBA-B309-B9D1E5BA6923 
035 |a urn:nbn:sk:snk-amji2d 
035 |a urn:nbn:sk:snk-am001yft 
040 |a SNK  |b slo  |c SNK  |e AACR2 
041 0 |a slo  |a eng  |a hun  |b eng 
044 |a xo  |c SK 
072 7 |a 620.9  |x Energetika  |2 konspekt 
080 |a 620.95  |2 2001 
080 |a 620.92/.95  |2 2001 
080 |a (062.534)  |2 2001 
245 0 0 |a Zelená energia - výzva pre budúcnosť  |b zborník príspevkov : Nitra, 9.6.2010  |c [zostavili: Juraj Maga, Pavol Findura, František Maga] 
250 |a 1. vyd. 
260 |a Nitra  |b Slovenská poľnohospodárska univerzita  |c 2010 
300 |a 132 s.  |b grafy, fareb. fotogr., sch., tab.  |c 21 cm 
366 |e 150 výt. 
504 |a Bibliogr. odkazy 
546 |a Čiast. text angl. a maď. Res. angl. 
650 0 7 |a biomasa  |2 SNKPH  |9 4197 
650 0 7 |a Biomass  |2 SNKPHeng  |9 315958 
650 0 7 |a Renewable energy sources  |2 SNKPHeng  |9 266485 
650 0 7 |a alternatívne energetické zdroje  |2 SNKPH  |9 3476 
650 0 7 |a fytoenergetika  |2 SNKPH  |9 3509 
650 0 7 |a Biomass energy  |2 SNKPHeng  |9 327717 
655 7 |a zborníky konferencií  |2 SNKPH  |9 70153 
655 7 |a Proceedings of conferences  |2 SNKPHeng  |9 265791 
700 1 |a Maga, Juraj,  |d 1958-  |4 edt  |9 10285 
700 1 |a Maga, František  |4 edt  |9 474213 
700 1 |a Findura, Pavol,  |d 1975-  |4 edt  |9 203788 
919 |a 978-80-552-0480-2 
958 |a NB 
958 |a OND 
968 |d 62 
999 |c 749600  |d 751530 
952 |a SNK  |b SNK  |y PREZ  |7 0  |p 17A0704017  |o snkSC 145759  |i snk2011/13308  |8 0  |0 0  |1 0  |4 0  |d 2011-06-09  |l 0  |r 2025-07-15 00:00:00  |w 2026-02-23 
952 |a SNK  |b SNK  |y VYP  |7 0  |p 17A0704019  |o snkSC 145759 D1  |i snk2011/13309  |8 0  |0 0  |1 0  |4 0  |d 2011-06-09  |f 1  |l 0  |r 2026-02-23 23:27:53  |w 2026-02-23